[Event "Mountain Home Open"]
[Site "Mountain Home, ID"]
[Date "2014.01.11"]
[Round "4.2"]
[White "Porth, Desmond"]
[Black "Bartell, Fred"]
[Result "0-1"]
[WhiteElo "1058"]
[BlackElo "1772"]
[EventRounds "4"]
[EventCountry "USA"]

1. d4 d6 2. Nc3 g6 3. Nf3 Bg7 4. Bg5 Nf6 5. e4 Bg4 6. Be2 h6 7. Bf4 Nh5 8. Be3
Nd7 9. O-O a6 10. Nd5 Nhf6 11. Nxf6+ Bxf6 12. d5 Nc5 13. Bxc5 dxc5 14. h4 Bc8
{ This game has some problems on the one score that was turned in. We are
trying to get the game from Desmond's Monroi and will update this game when/if
we can. --Jeff Roland)} {#R} 0-1

[Event "Mountain Home Open"]
[Site "Mountain Home, ID"]
[Date "2014.01.11"]
[Round "4.7"]
[White "Murphy, Andre"]
[Black "Porth, Darwin"]
[Result "1-0"]
[WhiteElo "1000"]
[BlackElo "1000"]
[EventRounds "4"]
[EventCountry "USA"]

1. d4 d5 2. Nf3 Nf6 3. e3 e6 4. Bd3 Bd6 5. O-O O-O 6. Nbd2 Nbd7 7. b3 b6 8.
Bb2 Bb7 9. c4 c5 10. dxc5 dxc4 11. bxc4 bxc5 12. Bxf6 Bxf3 13. Qxf3 Qxf6 14.
Qe4 Qe5 15. Qxh7# 1-0

[Event "Idaho Closed"]
[Site "Twin Falls, ID"]
[Date "2014.02.15"]
[Round "1.6"]
[White "Bartell, Fred"]
[Black "Porth, Desmond"]
[Result "1/2-1/2"]
[WhiteElo "1700"]
[BlackElo "1220"]
[EventRounds "6"]
[EventCountry "USA"]

1. Nf3 c6 2. b3 d5 3. Bb2 Bf5 4. e3 e6 5. Nd4 Bg6 6. Be2 Nf6 7. d3 a6 8. a4
Be7 9. Nd2 O-O 10. h3 c5 11. N4f3 Nc6 12. Nh4 Nd7 13. Nxg6 fxg6 14. Bg4 Kf7
15. O-O Nce5 16. Be2 Bf6 17. Rb1 Nc6 18. f4 Bxb2 19. Rxb2 Qf6 20. Qc1 Kg8 21.
c3 d4 22. Ne4 Qe7 23. Bf3 e5 24. Ng5 Rac8 25. Bd5+ Kh8 26. Nf7+ Rxf7 27. Bxf7
Qxf7 28. fxe5 Qe8 29. exd4 cxd4 30. Re2 Ncxe5 {#d} 1/2-1/2

[Event "Idaho Closed"]
[Site "Twin Falls, ID"]
[Date "2014.02.15"]
[Round "1.7"]
[White "Porth, Dylan"]
[Black "Douglas, Kurt P"]
[Result "0-1"]
[WhiteElo "928"]
[BlackElo "1668"]
[EventRounds "6"]
[EventCountry "USA"]

1. e4 c5 2. Nf3 d6 3. d4 cxd4 4. Nxd4 Nf6 5. Nc3 a6 6. Bg5 e6 7. Bc4 Be7 8.
Nf3 Qc7 9. Qd3 Nbd7 10. O-O Nc5 11. Qd4 e5 12. Qe3 b5 13. Bd5 Bb7 14. Bxf6
Bxf6 15. Bxb7 Qxb7 16. Rad1 Be7 17. Ne1 O-O 18. Nd3 Ne6 19. Nd5 Rac8 20. Nxe7+
Qxe7 21. Qb6 Rxc2 22. Qxa6 Nd4 23. Rc1 Ne2+ 24. Kh1 Nxc1 25. Nxc1 Qc7 26. Nd3
Qc4 27. Qxd6 Rd2 28. Nb4 Qxf1# 0-1

[Event "Idaho Closed"]
[Site "Twin Falls, ID"]
[Date "2014.02.15"]
[Round "2.12"]
[White "Crowson, Keegan D"]
[Black "Porth, Dylan"]
[Result "0-1"]
[WhiteElo "521"]
[BlackElo "928"]
[EventRounds "6"]
[EventCountry "USA"]

1. e4 e6 2. Nf3 d5 3. c3 c5 4. d4 Nc6 5. h3 cxd4 6. cxd4 dxe4 7. Nfd2 Qxd4 8.
Nc3 e3 9. Ne2 exd2+ 10. Qxd2 Qxd2+ 11. Bxd2 Bb4 12. Nf4 Bxd2+ 13. Kxd2 Nf6 14.
Be2 e5 15. Nh5 Nxh5 16. Bxh5 g6 17. Bg4 Bxg4 18. hxg4 O-O-O+ 19. Ke2 Nb4 20.
a3 Nd5 21. Rac1+ Kb8 22. Rc5 Nf4+ 23. Ke3 Nxg2+ 24. Ke4 Rd4+ 25. Kxe5 Rxg4 26.
Rg1 Re8+ 27. Kf6 Re1 28. Rxe1 Nxe1 29. Kxf7 h5 30. Re5 Nd3 31. Re2 h4 32. Ke6
Nf4+ {#R} 0-1

[Event "Idaho Closed"]
[Site "Twin Falls, ID"]
[Date "2014.02.16"]
[Round "3.8"]
[White "Porth, Dylan"]
[Black "Buus, Jarod N"]
[Result "0-1"]
[WhiteElo "928"]
[BlackElo "1365"]
[EventRounds "6"]
[EventCountry "USA"]

1. e4 c5 2. Nf3 d6 3. d4 cxd4 4. Nxd4 Nf6 5. Nc3 a6 6. Bf4 e5 7. Bxe5 dxe5 8.
Nf3 Qb6 9. b3 Bb4 10. Qd3 Bxc3+ 11. Qxc3 Qxf2+ 12. Kd1 O-O 13. Nxe5 Rd8+ 14.
Kc1 Nxe4 15. Qc7 Qd4 16. Rb1 Be6 17. Bc4 Rc8 18. Qxb7 Ra7 19. Qb4 Qxe5 20.
Bxe6 Qxe6 21. Re1 Qh6+ 22. Kd1 Rd7+ 23. Ke2 Rxc2+ 24. Kf1 Qf4+ 25. Kg1 Qf2+
26. Kh1 Qxg2# 0-1

[Event "Idaho Closed"]
[Site "Twin Falls, ID"]
[Date "2014.02.16"]
[Round "3.10"]
[White "Porth, Desmond"]
[Black "Patterson, Kevin R"]
[Result "1/2-1/2"]
[WhiteElo "1220"]
[BlackElo "1222"]
[EventRounds "6"]
[EventCountry "USA"]

1. e4 d6 2. Nf3 Nf6 3. Nc3 g6 4. Bc4 Bg7 5. O-O O-O 6. h3 Nc6 7. d3 Na5 8. Bb3
Nxb3 9. axb3 a6 10. Be3 h5 11. Qd2 Nh7 12. Bh6 Bxh6 13. Qxh6 e5 14. Kh2 Be6
15. Rg1 Qf6 16. Ne2 Qg7 17. Qe3 Nf6 18. Nh4 g5 19. Nf5 Bxf5 20. exf5 g4 21.
Ra4 Qh7 22. Qg5+ Qg7 23. Qh4 b5 24. Raa1 Kh8 25. Ng3 Rg8 26. Nxh5 Nxh5 27.
Qxh5+ Qh7 28. Qxh7+ Kxh7 {#d} 1/2-1/2

[Event "Idaho Closed"]
[Site "Twin Falls, ID"]
[Date "2014.02.16"]
[Round "4.8"]
[White "Looney, Daniel S"]
[Black "Porth, Desmond"]
[Result "1/2-1/2"]
[WhiteElo "1615"]
[BlackElo "1220"]
[EventRounds "6"]
[EventCountry "USA"]

1. e4 c6 2. d4 d5 3. e5 Bf5 4. g4 Be4 5. f3 Bg6 6. Ne2 e6 7. Nf4 Qh4+ 8. Ke2
Ne7 9. Be3 h5 10. Bf2 Qg5 11. Nh3 Qh6 12. g5 Qh7 13. Na3 Nd7 14. Bg2 Nf5 15.
Qd2 Bxa3 16. bxa3 Ne7 {#d} 1/2-1/2

[Event "Idaho Closed"]
[Site "Twin Falls, ID"]
[Date "2014.02.16"]
[Round "4.9"]
[White "Mabry, William B"]
[Black "Porth, Dylan"]
[Result "1-0"]
[WhiteElo "1279"]
[BlackElo "928"]
[EventRounds "6"]
[EventCountry "USA"]

1. e4 e6 2. d4 d5 3. Nc3 Bb4 4. Qd3 dxe4 5. Qxe4 Bxc3+ 6. bxc3 Nf6 7. Qh4 Nc6
8. Bd3 Nd5 9. Qxd8+ Nxd8 10. Bd2 O-O 11. Ne2 Nc6 12. O-O e5 13. dxe5 Nxe5 14.
Nf4 Nxf4 15. Bxf4 Re8 16. Rfe1 f6 17. Bxe5 Rxe5 18. Rxe5 fxe5 19. Re1 Be6 20.
a3 Re8 21. Rxe5 Bf7 22. Rxe8+ Bxe8 23. f4 h6 24. Kf2 a5 25. Ke3 c5 26. g3 g5
27. c4 Kg7 28. Bf5 Bg6 29. Bxg6 Kxg6 30. h3 gxf4+ 31. Kxf4 Kf6 32. g4 Kg6 33.
a4 h5 34. gxh5+ Kxh5 35. Ke5 Kh4 36. Kd5 Kxh3 37. Kxc5 Kg4 38. Kb6 Kf5 39.
Kxb7 Ke6 40. c5 Kd5 41. c6 Kc5 42. c7 Kb4 43. c8=Q Ka3 44. Qc3+ Ka2 45. Qxa5
Ka3 46. Kb6 Kb2 47. Kb5 Ka3 48. c4 Kb3 49. Qb4+ Kc2 50. Kc5 Kd3 51. Kd5 Ke3
52. c5 Kf3 53. Ke5 Kg3 54. Qf4+ Kg2 55. Ke4 Kh3 56. Qg5 Kh2 57. Kf3 Kh3 58.
Qg3# 1-0

[Event "Idaho Closed"]
[Site "Twin Falls, ID"]
[Date "2014.02.17"]
[Round "5.9"]
[White "Porth, Desmond"]
[Black "Murphy, Andre R"]
[Result "1-0"]
[WhiteElo "1220"]
[BlackElo "837"]
[EventRounds "6"]
[EventCountry "USA"]

1. e4 c5 2. Nf3 e6 3. Bb5 Be7 4. e5 Nc6 5. Bxc6 bxc6 6. d4 h6 7. O-O d6 8. Bf4
d5 9. Nc3 Ba6 10. Re1 Qb6 11. b3 cxd4 12. Nxd4 Bb5 13. Be3 Bc5 14. Qg4 Bxd4
15. Bxd4 c5 16. Qxg7 O-O-O 17. Nxb5 Qxb5 18. Bxc5 Qxc5 19. Qxh8 Qxc2 20. Rac1
Qxc1 21. Rxc1+ Kd7 22. Qg7 Ne7 23. Qxf7 d4 24. Rd1 Rc8 25. Rxd4+ {#r} 1-0

[Event "Idaho Closed"]
[Site "Twin Falls, ID"]
[Date "2014.02.17"]
[Round "5.11"]
[White "Porth, Dylan"]
[Black "Pemsler, Alise Byer"]
[Result "1/2-1/2"]
[WhiteElo "928"]
[BlackElo "539"]
[EventRounds "6"]
[EventCountry "USA"]

1. e4 e5 2. Nf3 Nc6 3. Bc4 d6 4. d3 Nf6 5. Ng5 Bg4 6. f3 Bh5 7. Nc3 Nd4 8. Be3
d5 9. Nxd5 c6 10. Bxd4 cxd5 11. Bb5+ Nd7 12. Bxe5 Qa5+ 13. Qd2 Qxb5 14. Qc3
Bb4 15. O-O-O O-O 16. Qd4 Rac8 17. Bf4 Qa4 18. b3 Qxa2 19. Qb2 Ba3 20. Kd2
Qxb2 21. Rc1 Qc3+ 22. Ke2 Bb4 23. Rhd1 {#d} 1/2-1/2

[Event "Idaho Closed"]
[Site "Twin Falls, ID"]
[Date "2014.02.17"]
[Round "6.7"]
[White "Nathan, Jacob Ari"]
[Black "Porth, Desmond"]
[Result "1/2-1/2"]
[WhiteElo "1244"]
[BlackElo "1220"]
[EventRounds "6"]
[EventCountry "USA"]

1. e4 c6 2. d4 d5 3. e5 Bf5 4. Bd3 Bxd3 5. Qxd3 e6 6. a3 Nd7 7. Nf3 c5 8. Bg5
Qc7 9. Nc3 cxd4 10. Qxd4 Bc5 11. Qa4 Qb6 12. O-O-O Bxf2 13. Nb5 f6 14. Nd6+
Ke7 15. exf6+ gxf6 16. Bf4 Be3+ 17. Bxe3 Qxe3+ 18. Kb1 Kxd6 19. Rhe1 Qc5 20.
Nd2 Nb6 21. Qg4 f5 22. Qf4+ Kd7 23. Qe5 {#d} 1/2-1/2

[Event "Idaho Closed"]
[Site "Twin Falls, ID"]
[Date "2014.02.17"]
[Round "6.9"]
[White "Simonson, Jay L"]
[Black "Porth, Dylan"]
[Result "1-0"]
[WhiteElo "710"]
[BlackElo "928"]
[EventRounds "6"]
[EventCountry "USA"]

1. e4 e6 2. d4 d5 3. exd5 exd5 4. Qe2+ Be7 5. Nc3 Nf6 6. Bf4 Nc6 7. Nf3 Bg4 8.
O-O-O O-O 9. h3 Bd6 10. Qe3 Re8 11. Qd2 Ne4 12. Nxe4 Rxe4 13. Bxd6 Bxf3 14.
gxf3 Rxd4 15. Qc3 Rxd1+ 16. Kxd1 Qxd6 17. Rg1 Qe5 18. Qxe5 Nxe5 19. f4 Nc4 20.
b3 Nd6 21. Bd3 Ne4 22. Rg2 Nc3+ 23. Kc1 Nxa2+ 24. Kb2 Nb4 25. Be2 Re8 26. Bf3
c6 27. f5 g6 28. h4 Kg7 29. Rg5 Kf6 30. fxg6 fxg6 31. Rg4 h5 32. Rxb4 b6 33.
Rf4+ Ke5 34. Rf7 Kd6 35. Rxa7 Rf8 36. Be2 Rxf2 37. Bd3 Rg2 38. Rg7 Ke6 39.
Rxg6+ Rxg6 40. Bxg6 Kf6 41. Bxh5 Kg7 42. Bg4 Kg6 43. Kc3 {#r} 1-0

[Event "MVCC (Challenger)"]
[Site "Twin Falls, ID"]
[Date "2014.03.22"]
[Round "1.2"]
[White "Dean, Cooper"]
[Black "Porth, Desmond"]
[Result "0-1"]
[WhiteElo "1000"]
[BlackElo "1200"]
[EventRounds "4"]
[EventCountry "USA"]

1. d4 d5 2. Nf3 Bf5 3. e3 e6 4. Be2 c5 5. O-O Nc6 6. b3 a6 7. Ba3 Qd6 8. Bxc5
Qc7 9. Bxf8 Kxf8 10. Nbd2 Nb4 11. c3 Qxc3 12. Rc1 Qb2 13. Rc2 Bxc2 14. Qc1
Qxa2 15. Ne5 Ke7 16. Bd3 Nxd3 17. Nxd3 Bxd3 18. Qc7+ Kf8 19. Rc1 Qxd2 20. h3
Ne7 21. Qxb7 Qxc1+ 22. Kh2 Qc8 23. Qb6 Qb8+ 24. Qxb8+ Rxb8 25. b4 Rxb4 26. g4
a5 27. g5 a4 {#R} 0-1

[Event "MVCC (Challenger)"]
[Site "Twin Falls, ID"]
[Date "2014.03.22"]
[Round "1.4"]
[White "Porth, Darwin"]
[Black "Brimstein, Wesley"]
[Result "0-1"]
[WhiteElo "1000"]
[BlackElo "1020"]
[EventRounds "4"]
[EventCountry "USA"]

1. e4 e6 2. d3 d5 3. c4 c5 4. b3 Nf6 5. Nf3 Be7 6. Be2 O-O 7. O-O Nc6 8. a4
Qc7 9. e5 Nxe5 10. Nxe5 Qxe5 11. Qd2 Qxa1 12. Bb2 Qa2 13. Nc3 Qxb3 14. Qd1
Qxb2 15. Qb1 Qxc3 16. Bf3 Bd6 17. cxd5 exd5 18. Bxd5 Qe5 19. Bc4 Qxh2# 0-1

[Event "MVCC (Challenger)"]
[Site "Twin Falls, ID"]
[Date "2014.03.22"]
[Round "1.6"]
[White "Olson, Otto"]
[Black "Porth, Dylan"]
[Result "0-1"]
[WhiteElo "1000"]
[BlackElo "1016"]
[EventRounds "4"]
[EventCountry "USA"]

1. d4 e6 2. c3 d5 3. Nf3 c5 4. dxc5 Bxc5 5. Bg5 Ne7 6. e3 Bd7 7. b4 Bd6 8. a4
h6 9. Bf4 Bxf4 10. exf4 b6 11. Bb5 Bxb5 12. axb5 O-O 13. O-O Qd7 14. c4 dxc4
15. Qxd7 Nxd7 16. Na3 c3 17. Rfd1 Nd5 18. Ne5 Nxe5 19. fxe5 Nxb4 20. Rac1 Rac8
21. Nc2 Nxc2 22. Rxc2 Rfd8 23. Rcc1 Rxd1+ 24. Rxd1 c2 25. Rc1 Rd8 26. h3 Rd1+
27. Kh2 Rxc1 28. f3 Rb1 29. g4 c1=Q 30. f4 Qg1# 0-1

[Event "MVCC (Challenger)"]
[Site "Twin Falls, ID"]
[Date "2014.03.22"]
[Round "2.2"]
[White "Porth, Desmond"]
[Black "Porth, Dylan"]
[Result "1-0"]
[WhiteElo "1200"]
[BlackElo "1016"]
[EventRounds "4"]
[EventCountry "USA"]

1. e4 e6 2. Nf3 d5 3. Nc3 c5 4. Bb5+ Bd7 5. exd5 exd5 6. Qe2+ Ne7 7. Nxd5 a6
8. Bxd7+ Nxd7 9. d3 Nb6 10. Nxb6 Qxb6 11. O-O g6 12. Re1 Qf6 13. Bg5 Qd6 14.
Qe5 Qxe5 15. Rxe5 Bg7 16. Rxe7+ Kf8 17. Rxb7 Re8 18. c3 Re2 19. Rb8+ Re8 20.
Rxe8+ Kxe8 21. Re1+ Kf8 22. Be7+ Kg8 23. Bxc5 Bf8 24. Re8 Kg7 25. Bd4+ Kh6 26.
Bxh8 Bg7 27. Bxg7+ Kxg7 28. d4 Kf6 29. d5 h5 30. d6 Kf5 31. d7 Kf6 32. d8=Q+
Kf5 33. Qg5# 1-0

[Event "MVCC (Challenger)"]
[Site "Twin Falls, ID"]
[Date "2014.03.22"]
[Round "2.6"]
[White "Pulliam, Jordan"]
[Black "Porth, Darwin"]
[Result "1-0"]
[WhiteElo "1000"]
[BlackElo "1000"]
[EventRounds "4"]
[EventCountry "USA"]

1. d4 d5 2. e3 e6 3. Bd3 Bd6 4. Nf3 Nf6 5. Nc3 Nc6 6. O-O O-O 7. h3 h6 8. b3
b6 9. a3 a6 10. Bb2 Bb7 11. Ne2 Ne7 12. c4 c5 13. cxd5 cxd4 14. exd4 exd5 15.
g4 g5 16. h4 h5 17. hxg5 hxg4 18. gxf6 gxf3 19. Bb1 Bb8 20. Qc2 Qc7 21. Qh7#
1-0

[Event "MVCC (Challenger)"]
[Site "Twin Falls, ID"]
[Date "2014.03.22"]
[Round "3.1"]
[White "Brimstein, Wesley"]
[Black "Porth, Desmond"]
[Result "0-1"]
[WhiteElo "1020"]
[BlackElo "1200"]
[EventRounds "4"]
[EventCountry "USA"]

1. d4 d5 2. Nf3 Bf5 3. e3 e6 4. Nc3 c5 5. Be2 Nc6 6. O-O Nf6 7. h3 Bd6 8. Bd2
O-O 9. Nh4 cxd4 10. exd4 Nxd4 11. Nb5 Nxe2+ 12. Qxe2 Bxc2 13. Nxd6 Qxd6 14.
Bg5 Ne4 15. Qxc2 Nxg5 16. Qb3 b6 17. Qe3 Qe7 18. b3 Rfd8 19. Rad1 Rd7 20. Rd3
Rad8 21. Rfd1 Qf6 22. Qd4 Qxd4 23. Rxd4 e5 24. R4d3 g6 25. f3 d4 26. a4 f6 27.
Re1 Rc8 28. Rb1 Rc3 29. Rd2 d3 30. b4 Rc2 31. Rbd1 Rxd2 32. Rxd2 e4 33. f4 e3
34. Rxd3 Rxd3 35. fxg5 fxg5 36. Nf3 Rb3 37. b5 Ra3 38. Kf1 Rxa4 39. Ke2 Rb4
40. Nxg5 Rxb5 41. h4 a5 42. Ne4 Rb3 43. Nd6 a4 44. Nc4 a3 45. Nxe3 Rxe3+ 46.
Kxe3 a2 47. Kf2 a1=Q 48. Kg3 b5 49. Kh3 b4 50. g4 b3 51. g5 b2 52. Kg4 b1=R
53. h5 Rb4+ 54. Kf3 Qc3+ 55. Ke2 Rb2+ 56. Kd1 Qd2# 0-1

[Event "MVCC (Challenger)"]
[Site "Twin Falls, ID"]
[Date "2014.03.22"]
[Round "3.3"]
[White "Porth, Dylan"]
[Black "Olson, Billy"]
[Result "1/2-1/2"]
[WhiteElo "1016"]
[BlackElo "1000"]
[EventRounds "4"]
[EventCountry "USA"]

1. e4 e6 2. Nf3 d5 3. e5 c5 4. d4 Nh6 5. Be3 Nf5 6. Bf4 Be7 7. Bd3 Nxd4 8.
Nxd4 cxd4 9. Bb5+ Bd7 10. Bxd7+ Nxd7 11. Qxd4 Qb6 12. Qxb6 axb6 13. O-O Ra4
14. Bg3 O-O 15. Nc3 Ra5 16. Rfd1 f6 17. exf6 Rxf6 18. Bh4 Rf7 19. Bxe7 Rxe7
20. a3 Nf6 21. b4 Ra8 22. Nb5 Rf8 23. f3 e5 24. Re1 e4 25. c4 Rd8 26. Rad1
{#d} 1/2-1/2

[Event "MVCC (Challenger)"]
[Site "Twin Falls, ID"]
[Date "2014.03.22"]
[Round "4.1"]
[White "Patterson, Kevin R"]
[Black "Porth, Desmond"]
[Result "0-1"]
[WhiteElo "1212"]
[BlackElo "1200"]
[EventRounds "4"]
[EventCountry "USA"]

1. e4 c6 2. d4 d5 3. e5 Bf5 4. Nf3 e6 5. Nfd2 c5 6. Nf3 Nc6 7. c3 cxd4 8. Nxd4
Nge7 9. Nxf5 Nxf5 10. Bd3 Qc7 11. f4 Bc5 12. Bxf5 exf5 13. Qf3 d4 14. O-O
dxc3+ 15. Kh1 cxb2 16. Bxb2 Nd4 17. Qd3 Rd8 18. Nd2 O-O 19. Rad1 Qb6 20. Bxd4
Rxd4 21. Qxf5 Rfd8 22. Qc2 Qb5 23. Nb3 Rxd1 24. Rxd1 Rxd1+ 25. Qxd1 Be7 26. h3
f6 27. exf6 Bxf6 28. Qf3 Qa6 29. Qe3 Kf7 30. Qf3 Qc6 31. Qxc6 bxc6 32. Nc5 Ke7
33. g4 Bd4 34. Nb3 Be3 35. Kg2 Kd6 36. Kf3 Bg1 37. g5 c5 38. Ke4 Bh2 39. f5 c4
40. Nd4 Be5 41. Nc2 Bg3 42. Kf3 {We only had one scoresheet. The other
scoresheet can shed a lot of light to the actual complete and accurate
game.--Jeffrey Roland.} {#R} 0-1

[Event "MVCC (Challenger)"]
[Site "Twin Falls, ID"]
[Date "2014.03.22"]
[Round "4.3"]
[White "Porth, Dylan"]
[Black "Murphy, Andre"]
[Result "1/2-1/2"]
[WhiteElo "1016"]
[BlackElo "1006"]
[EventRounds "4"]
[EventCountry "USA"]

1. e4 c5 2. Nf3 e6 3. d4 Nc6 4. Be3 d6 5. d5 Ne5 6. Nxe5 dxe5 7. Nd2 Nf6 8.
Bg5 Be7 9. Bxf6 Bxf6 10. Nb3 Be7 11. Bb5+ Bd7 12. Bc4 Qb6 13. dxe6 Bxe6 14.
Bxe6 Qxe6 15. O-O O-O 16. Qd5 Qxd5 17. exd5 Rfd8 18. Rad1 Rd7 19. Rfe1 f6 20.
c4 b5 21. cxb5 Rb8 22. a4 a6 {#d} 1/2-1/2

[Event "MVCC (Challenger)"]
[Site "Twin Falls, ID"]
[Date "2014.03.22"]
[Round "4.4"]
[White "Olson, Billy"]
[Black "Porth, Darwin"]
[Result "1-0"]
[WhiteElo "1000"]
[BlackElo "1000"]
[EventRounds "4"]
[EventCountry "USA"]

1. c4 e6 2. g3 d5 3. d3 c5 4. Bg2 d4 5. Nf3 Bd7 6. O-O f5 7. Bf4 Qb6 8. b3 Nc6
9. a4 O-O-O 10. Ng5 Be8 11. Nxe6 Rd7 12. Nxf8 Rf7 13. Ne6 Qb4 14. Ng5 Rf6 15.
Na3 Qc3 16. Nb5 Qa5 17. Nd6+ Kb8 18. Nxe8+ Ka8 19. Nxf6 gxf6 20. Nf7 b5 21.
Nxh8 bxa4 22. bxa4 Nh6 23. Qb3 a6 24. Bxc6+ Ka7 25. Qb7# 1-0

[Event "Longhurst Simul"]
[Site "Hailey, ID"]
[Date "2014.04.01"]
[Round "1.1"]
[White "Longhurst, Corey Kenneth"]
[Black "Porth, Dylan"]
[Result "0-1"]
[WhiteElo "1443"]
[BlackElo "871"]
[EventCountry "USA"]

1. e4 e6 2. d4 d5 3. exd5 exd5 4. c4 c6 5. Nc3 Nf6 6. Bg5 Be7 7. Qe2 Be6 8. c5
h6 9. Bf4 O-O 10. Nf3 Bg4 11. Be5 Nbd7 12. Bg3 Re8 13. O-O-O b6 14. Qa6 Qc8
15. Qa3 bxc5 16. Re1 cxd4 17. Rxe7 Rxe7 18. Qxe7 Bxf3 19. gxf3 dxc3 20. bxc3
Qe8 21. Qxe8+ Rxe8 22. Bd3 Nc5 23. Bc2 Nh5 24. Bd6 Nb7 25. Bg3 Nxg3 26. fxg3
Re3 27. Kb2 Rxf3 28. Re1 Kf8 29. Re2 Nc5 30. a3 Nd3+ 31. Ka2 Nc1+ 32. Kb2 Nxe2
33. Ba4 c5 34. Bd1 Rf2 35. Kb3 d4 36. Bxe2 Rxe2 37. h4 d3 {#R} 0-1

[Event "Longhurst Simul"]
[Site "Hailey, ID"]
[Date "2014.04.01"]
[Round "1.10"]
[White "Porth, Desmond"]
[Black "Longhurst, Corey Kenneth"]
[Result "1-0"]
[WhiteElo "1235"]
[BlackElo "1443"]
[EventCountry "USA"]

1. e4 c5 2. Nf3 d6 3. Bc4 Nf6 4. Nc3 Nc6 5. O-O g6 6. d4 cxd4 7. Nxd4 Ne5 8.
Bb3 Bg7 9. Nf3 Nc6 10. e5 dxe5 11. Qxd8+ Nxd8 12. Nxe5 O-O 13. Rd1 Bf5 14. Bf4
Nh5 15. g3 Nxf4 16. gxf4 Ne6 17. Rd7 Nxf4 18. Rxe7 Rae8 19. Rxe8 Rxe8 20.
Bxf7+ Kf8 21. Bxe8 Bxe5 22. Ba4 Bd4 23. Rd1 Bb6 24. Nd5 Nh3+ 25. Kf1 Bxf2 26.
Nf4 Bb6 27. Nxh3 Bxh3+ 28. Ke2 Bc7 29. Kf2 Bxh2 30. Rh1 Be5 31. Rxh3 Kg7 32.
b3 h6 33. Rd3 Kf6 34. Rd7 Kf5 35. Rxb7 Bd4+ 36. Ke2 Kg4 37. c4 g5 38. Bd7+ Kg3
39. Be8 a5 40. Rh7 g4 41. Rxh6 Kg2 42. Rh5 Bc3 43. c5 g3 44. c6 Be5 45. Rxe5
{#r} 1-0

[Event "Southern Idaho Open (Reserve)"]
[Site "Twin Falls, ID"]
[Date "2014.11.08"]
[Round "1.1"]
[White "Porth, Desmond"]
[Black "Brimstein, Wesley M"]
[Result "1-0"]
[WhiteElo "1308"]
[BlackElo "930"]
[EventRounds "4"]
[EventCountry "USA"]

1. e4 e6 2. Nf3 d5 3. e5 c5 4. d4 Nc6 5. Be3 Qb6 6. b3 g6 7. Qd2 c4 8. Nc3 Bb4
9. bxc4 Ba3 10. Nb5 a6 11. Nxa3 Qb2 12. Qc1 Qc3+ 13. Bd2 Qxa1 14. Qxa1 Nge7
15. Qc3 O-O 16. Qe3 Nf5 17. Qf4 b5 18. cxd5 exd5 19. Bd3 b4 20. Bxf5 Bxf5 21.
Qh6 f6 22. exf6 bxa3 23. Qg7# 1-0

[Event "Southern Idaho Open (Reserve)"]
[Site "Twin Falls, ID"]
[Date "2014.11.08"]
[Round "1.4"]
[White "Crowson, Keegan D"]
[Black "Porth, Dylan"]
[Result "1-0"]
[WhiteElo "457"]
[BlackElo "936"]
[EventRounds "4"]
[EventCountry "USA"]

1. e4 e6 2. Nf3 d5 3. c3 c5 4. e5 Nc6 5. d4 g6 6. Be3 Qb6 7. Qd2 Bd7 8. c4
cxd4 9. Bxd4 Nxd4 10. Nxd4 dxc4 11. Nc3 Qa5 12. Rd1 Qxe5+ 13. Nde2 Rd8 14. Qd4
Qxd4 15. Nxd4 Ba4 16. Nxa4 b5 17. Nc3 Bb4 18. Be2 e5 19. Nc6 Rxd1+ 20. Bxd1
Bd6 21. O-O Nf6 22. Bf3 O-O 23. Rd1 {#r} 1-0

[Event "Southern Idaho Open (Reserve)"]
[Site "Twin Falls, ID"]
[Date "2014.11.08"]
[Round "2.4"]
[White "Porth, Dylan"]
[Black "Simonson, Jay L"]
[Result "1/2-1/2"]
[WhiteElo "936"]
[BlackElo "771"]
[EventRounds "4"]
[EventCountry "USA"]

1. e4 e5 2. Nf3 Nc6 3. d4 d5 4. dxe5 dxe4 5. Qxd8+ Nxd8 6. Ng5 Bf5 7. Nd2 h6
8. Ngxe4 Nc6 9. Bb5 O-O-O 10. Bxc6 bxc6 11. O-O Rd4 12. Re1 Ne7 13. c3 Rd5 14.
Ng3 g6 15. Nxf5 Nxf5 16. e6 f6 17. Nc4 Bc5 18. e7 Nxe7 19. Be3 Bxe3 20. Rxe3
Rhd8 21. h3 Nf5 22. Re6 Nd6 23. Ne3 Re5 24. Rxe5 fxe5 25. Rd1 Nf7 26. Rxd8+
Nxd8 27. Ng4 Nf7 28. Kh2 h5 29. Nf6 Nd6 30. Kg3 Nf5+ 31. Kf3 Nh4+ 32. Kg3 Nf5+
33. Kf3 h4 34. Ne4 Kb7 35. Kg4 {#d} 1/2-1/2

[Event "Southern Idaho Open (Reserve)"]
[Site "Twin Falls, ID"]
[Date "2014.11.08"]
[Round "3.1"]
[White "Porth, Desmond"]
[Black "Murphy, Andre R"]
[Result "1-0"]
[WhiteElo "1308"]
[BlackElo "988"]
[EventRounds "4"]
[EventCountry "USA"]

1. e4 c5 2. Nf3 Nc6 3. Bc4 e6 4. Nc3 Nf6 5. e5 d5 6. exf6 dxc4 7. fxg7 Bxg7 8.
Qe2 Nd4 9. Nxd4 Bxd4 10. Qxc4 Bxc3 11. dxc3 Qd5 12. Qg4 Qe5+ 13. Be3 Bd7 14.
O-O-O O-O-O 15. Qc4 Bc6 16. Rxd8+ Rxd8 17. Bxc5 Qg5+ 18. Kb1 Qd5 19. Qxd5 Bxd5
20. Rd1 Bxa2+ 21. Kc1 Rg8 22. b3 Rxg2 23. h4 Rh2 24. Be7 Rxf2 25. Rd8+ Kc7 26.
Rh8 Rf1+ 27. Kb2 e5 28. Bd8+ Kd7 29. Bg5 f5 30. Rxh7+ Kd6 31. Rxb7 e4 32. Rxa7
{#r} 1-0

[Event "Southern Idaho Open (Reserve)"]
[Site "Twin Falls, ID"]
[Date "2014.11.08"]
[Round "3.4"]
[White "Porth, Dylan"]
[Black "Catangcatang, Levi"]
[Result "0-1"]
[WhiteElo "936"]
[BlackElo "366"]
[EventRounds "4"]
[EventCountry "USA"]

1. e4 c6 2. Nf3 d5 3. e5 Bf5 4. d4 e6 5. Be3 b6 6. Be2 a6 7. Bd3 Bxd3 8. Qxd3
Nh6 9. Nbd2 Nf5 10. Bf4 Be7 11. c4 c5 12. Nb3 Nc6 13. Rd1 O-O 14. O-O Nb4 15.
Qc3 Nxa2 16. Qd2 dxc4 17. Nc1 Nb4 18. Qc3 Nd5 19. Qd2 h6 20. dxc5 g5 21. Bxg5
Bxg5 22. Nxg5 Qxg5 23. Qxg5+ hxg5 24. cxb6 Nfe3 {#R} 0-1

[Event "Western Idaho Open (Reserve)"]
[Site "Boise, ID"]
[Date "2014.12.13"]
[Round "1.202"]
[White "Porth, Desmond"]
[Black "Porth, Dylan"]
[Result "1-0"]
[WhiteElo "1308"]
[BlackElo "818"]
[EventRounds "5"]
[EventCountry "USA"]

1. e4 e6 2. Nf3 d5 3. e5 c5 4. d4 Nc6 5. Be3 Qb6 6. b3 Nh6 7. a3 Nf5 8. dxc5
Bxc5 9. Bxc5 Qxc5 10. b4 Qb6 11. c4 dxc4 12. Bxc4 Qc7 13. Bb5 Nfe7 14. O-O a6
15. Bxc6+ Nxc6 16. Re1 {#r} 1-0